000 00267nam a2200097Ia 4500
008 201216s9999 xx 000 0 und d
100 _aHomburger, W.
245 0 _aTransportaion and traffic engineering handbook
260 _aEnglewood Cliffs
_bPrentice Hall
300 _a883
999 _c6046
_d6046